| 000 | 02932cgm a2200649Ka 4500 | ||
|---|---|---|---|
| 001 | ocn795571468 | ||
| 003 | OCoLC | ||
| 005 | 20241220132551.0 | ||
| 008 | 120615s2012 cau100 vleng d | ||
| 007 | vd cvaizq | ||
| 040 |
_aLPU _cLPU _dTEFMT _dTEF _dRNC _dGK8 _dUINTA |
||
| 019 | _a796040069 | ||
| 020 | _a9781616661359 | ||
| 020 | _a1616661356 | ||
| 024 | 1 | 0 | _a687797135995 |
| 028 | 4 | 2 |
_aME-13599 _bMillennium Entertainment |
| 035 |
_a(OCoLC)795571468 _z(OCoLC)796040069 |
||
| 037 |
_bMidwest Tape _nhttp://www.midwesttapes.com |
||
| 041 | 1 |
_aeng _jeng _jspa _heng |
|
| 044 |
_acau _axxu _axxk _asp |
||
| 050 | 4 |
_aPN1997.2 _b.I55 2012 |
|
| 082 | 0 | 4 |
_a791.43/72 _223 |
| 049 | _aUCLB | ||
| 092 | _a791.437 | ||
| 245 | 0 | 0 |
_aIntruders _h[videorecording] / _cMillennium Entertainment presents an Apaches Entertainment & Antena 3 Films production ; written by Nicolás Casariego and Jaime Marques ; directed by Juan Carlos Fresnadillo. |
| 257 |
_aUnited States _aGreat Britain _aSpain. _2naf |
||
| 260 |
_a[Los Angeles] : _bMillennium Entertainment, _c2012. |
||
| 300 |
_a1 videodisc (100 min.) : _bsd., col. ; _c4 3/4 in. |
||
| 538 | _aDVD, widescreen presentation, NTSC. | ||
| 511 | 1 | _aClive Owen, Carice Van Houten, Daniel Bruhl, Pilar López de Ayala, Ella Purnell, Izán Corchero, Héctor Alterio. | |
| 500 | _aOriginally released as a motion picture in 2011. | ||
| 546 | _aIIncludes English SDH and Spanish subtitles. | ||
| 521 | 8 | _aNot rated. | |
| 520 | _aThough no one can see him, Hollow Face lurks in the corners, desperately desiring love but only knowing how to spread fear and hate. He creeps into the life of John Farrow (Clive Owen) after Farrow's beloved 13-year-old daughter Mia is assaulted in their home. The line between the real and the imaginary blurs as fissures start to open within the family unit. It seems that no security measure can keep Hollow Face out. | ||
| 650 | 0 |
_aFathers and daughters _vDrama. _95690624 |
|
| 650 | 0 |
_aFamilies _vDrama. _95675607 |
|
| 650 | 0 |
_aIntrusive thoughts _vDrama. _96515277 |
|
| 655 | 7 |
_aFeature films. _2lcgft _96237036 |
|
| 655 | 7 |
_aHorror films. _2lcgft _96237037 |
|
| 655 | 7 |
_aFiction films. _2lcgft _96237038 |
|
| 700 | 1 |
_aOwen, Clive. _4act _961182 |
|
| 700 | 1 |
_aHouten, Carice van, _d1976- _4act _95718443 |
|
| 700 | 1 |
_aBrühl, Daniel, _d1978- _4act _970432 |
|
| 700 | 1 |
_aLópez de Ayala, Pilar, _d1978- _4act _96237039 |
|
| 700 | 1 |
_aPurnell, Ella. _4act _95957528 |
|
| 700 | 1 |
_aCorchero, Izán. _4act _96237040 |
|
| 700 | 1 |
_aAlterio, Héctor, _d1929- _4act _96222752 |
|
| 700 | 1 |
_aCasariego, Nicolás, _d1970- _4aus _96237041 |
|
| 700 | 1 |
_aMarques, Jaime. _4aus _96237042 |
|
| 700 | 1 |
_aFresnadillo, Juan Carlos, _d1967- _4drt _96237043 |
|
| 710 | 2 |
_aMillennium Entertainment, LLC. _95896335 |
|
| 710 | 2 |
_aApaches Entertainment (Firm) _96237044 |
|
| 710 | 2 |
_aAntena 3 Films. _96188791 |
|
| 942 |
_cDVD _0101 |
||
| 994 |
_aC0 _bUINTA |
||
| 998 | _aa152837 | ||
| 999 |
_c85254 _d85254 |
||